000 00839nam a2200241Ia 4500
003 OSt
005 20220923225001.0
006 a|||||r|||| 00| 0
007 ta
008 220922b |||||||| |||| 00| 0 hin d
024 _a254,670
037 _cTextual
040 _aARTS
_cARTS
_bhin
041 _2hin
_ahin
082 _aO152,3N18:g, N9
100 _aचोपड़ा, प्रेमलता
_9156292
245 0 _aदिनेशनन्दिनी डालमिया
_b व्यक्तित्व एवं साहित्य
246 _aDineshanandinī ḍālamiyā: vyaktitva evan sāhitya
260 _c1999
650 _aहिन्दी साहित्य
_9156264
942 _hO152,3N18:g, N9
_cTEXL
_2CC
999 _c375219
_d375219